000 01158cam a22003497a 4500
003 CHAP
005 20220817043238.0
008 971013s1987 r 00010 d
010 _a69450
011 _a70422
035 _a79903
040 _cCHAP
090 _aTesis
100 0 0 _aPérez Torres, Miguel Angel.
_990065
245 1 3 _aLa formación de campo en la División de Ciencias Forestales
260 _aChapingo, Méx. :
_bEl autor,
_c1987
300 _a85 h.
500 _a34-104
502 _aTesis (Ing. Agrónomo Esp. en Bosques) -- UACH. División de Ciencias Forestales
590 _aALEPH
_b10
_c20130110
_lUCH01
_h1408
590 _aBATCH-UPD
_b10
_c20130110
_lUCH01
_h0036
590 _aBATCH-UPD
_b10
_c20130110
_lUCH01
_h2310
590 _aBATCH-UPD
_b10
_c20130409
_lUCH01
_h2019
590 _aBATCH-UPD
_b10
_c20130410
_lUCH01
_h1602
590 _aBATCH-UPD
_b10
_c20130914
_lUCH01
_h1310
590 _aCONVERSION
_b10
_c20130109
_lUCH01
_h1338
650 1 4 _aEnseñanza forestal
_xMéxico.
_937097
710 0 _aUACH. División de Ciencias Forestales.
901 _aBK
942 _cTESIS
949 _bBC
_cTES
_d-32793
_eTS1
_h22410
_i79903
_si
999 _c69450
_d69450